| 000 | 00611cam a22002173a 4500 | ||
|---|---|---|---|
| 001 | 34255 | ||
| 003 | PGUSA | ||
| 005 | 20140828083735.0 | ||
| 008 | 101108s2010||||xxu|||||s|||||000 | eng d | ||
| 040 |
_aPGUSA _beng |
||
| 042 | _adc | ||
| 100 | 1 |
_aPhelps, Elizabeth Stuart, _d1844-1911 |
|
| 245 | 1 | 0 |
_aComrades _h[electronic resource] / _cElizabeth Stuart Phelps |
| 260 |
_bProject Gutenberg, _c2010 |
||
| 506 | _aPublic domain in the USA. | ||
| 516 | _aElectronic text | ||
| 700 | 1 | _aSmith, Howard E. | |
| 830 | 0 |
_aProject Gutenberg _v34255 |
|
| 856 | 4 | 0 | _uhttp://www.gutenberg.org/ebooks/34255 |
| 942 | _cEB | ||
| 999 |
_c263510 _d263510 |
||